| 000 -CABECERA |
| Longitud fija campo de control |
00628nam a2200193 a 4500 |
| 001 - NÚMERO DE CONTROL |
| Número de control |
3717 |
| 003 - IDENTIFICADOR DEL NÚMERO DE CONTROL |
| Identificador del número de control |
CDMR |
| 005 - FECHA Y HORA DE LA ÚLTIMA TRANSACCIÓN |
| Fecha y hora de la última transacción |
20130326180820.0 |
| 008 - CÓDIGOS DE INFORMACIÓN DE LONGITUD FIJA |
| Códigos de información de longitud fija |
130130s1990||||||||||||||||||||||||||||d |
| 020 ## - NÚMERO INTERNACIONAL NORMALIZADO PARA LIBROS |
| Número Internacional Normalizado para Libros (ISBN) |
8439312938 |
| 040 ## - FUENTE DE LA CATALOGACIÓN |
| Centro catalogador de origen |
CDMR |
| Lengua de catalogación |
cat |
| Centro transcriptor |
CDMR |
| 100 1# - PUNTO DE ACCESO PRINCIPAL-NOMBRE DE PERSONA |
| Nombre de persona |
Figueres i Artigues, Josep Maria |
| 9 (RLIN) |
13 |
| 245 10 - MENCIÓN DE TÍTULO |
| Título |
Valentí Almirall |
| Mención de responsabilidad, etc. |
Josep M Figueres |
| Resto del título |
: forjador del catalanisme polític |
| 260 ## - PUBLICACIÓN, DISTRIBUCIÓN, ETC. (PIE DE IMPRENTA) |
| Lugar de publicación, distribución, etc. |
Barcelona |
| Fecha de publicación, distribución, etc. |
1990 |
| Nombre del editor, distribuidor, etc. |
Generalitat de Catalunya. Entitat Autònoma del Diari Oficial i de Publicacions |
| 300 ## - DESCRIPCIÓN FÍSICA |
| Extensión |
286 p ; |
| Dimensiones |
23 cm |
| 490 0# - MENCIÓN DE SERIE |
| Mención de serie |
Textos i Documents |
| Designación de volumen o secuencia |
8 |
| 600 1# - PUNTO DE ACCESO ADICIONAL DE MATERIA - NOMBRE DE PERSONA |
| Nombre de persona |
Almirall, Valentí |
| Subdivisión de forma (R ) |
Biografia |
| 9 (RLIN) |
192 |
| 942 ## - ENTRADA DE ELEMENTOS AGREGADOS (KOHA) |
| Koha [por defecto] tipo de item |
Monografies |
| Fuente de clasificaión o esquema |
|